[Event "ODJM C 2024"]
[Site "Willingen GER"]
[Date "2024.05.20"]
[Round "3"]
[White "Michaelis, Leon"]
[Black "Prigandt, Junis"]
[Result "1-0"]
[Termination "normal"]
[Board "31"]
[WhiteElo "917"]
[BlackElo "1181"]
[WhiteClock "01:10:35"]
[BlackClock "00:36:31"]
[PlyCount "121"]
[WhiteFideId "34660542"]
[BlackFideId "34631712"]
[EventCountry "GER"]
[EventRounds "9"]
[EventType "swiss"]
[EventDate "2024.05.18"]

1. e4 {[%clk 01:30:58]} {[%emt 00:00:01]} b6 {[%clk 01:30:14]} {[%emt
00:00:47]} 2. d4 {[%clk 01:31:14]} {[%emt 00:00:13]} Bb7 {[%clk 01:30:37]}
{[%emt 00:00:07]} 3. Bd3 {[%clk 01:31:28]} {[%emt 00:00:16]} Nf6 {[%clk
01:29:38]} {[%emt 00:01:30]} 4. Nc3 {[%clk 01:31:35]} {[%emt 00:00:22]} g6
{[%clk 01:29:23]} {[%emt 00:00:45]} 5. Nf3 {[%clk 01:31:43]} {[%emt 00:00:22]}
d6 {[%clk 01:29:09]} {[%emt 00:00:45]} 6. Bg5 {[%clk 01:30:25]} {[%emt
00:01:48]} Bg7 {[%clk 01:28:53]} {[%emt 00:00:45]} 7. O-O {[%clk 01:29:14]}
{[%emt 00:01:41]} Nbd7 {[%clk 01:28:51]} {[%emt 00:00:32]} 8. Re1 {[%clk
01:28:40]} {[%emt 00:01:04]} e5 {[%clk 01:27:29]} {[%emt 00:01:53]} 9. d5
{[%clk 01:28:13]} {[%emt 00:00:57]} Nc5 {[%clk 01:26:45]} {[%emt 00:01:14]} 10.
h3 {[%clk 01:24:54]} {[%emt 00:03:48]} O-O {[%clk 01:25:19]} {[%emt 00:01:56]}
11. Nh2 {[%clk 01:24:33]} {[%emt 00:00:51]} Qd7 {[%clk 01:22:52]} {[%emt
00:02:58]} 12. Qe2 {[%clk 01:23:08]} {[%emt 00:01:54]} c6 {[%clk 01:16:28]}
{[%emt 00:06:55]} 13. Bxf6 {[%clk 01:22:37]} {[%emt 00:01:00]} Bxf6 {[%clk
01:16:34]} {[%emt 00:00:24]} 14. Ng4 {[%clk 01:22:29]} {[%emt 00:00:39]} Bg7
{[%clk 01:16:23]} {[%emt 00:00:41]} 15. Rad1 {[%clk 01:22:24]} {[%emt
00:00:34]} cxd5 {[%clk 01:15:06]} {[%emt 00:01:48]} 16. Nxd5 {[%clk 01:22:15]}
{[%emt 00:00:39]} Bxd5 {[%clk 01:15:05]} {[%emt 00:00:30]} 17. exd5 {[%clk
01:21:43]} {[%emt 00:01:02]} Rfe8 {[%clk 01:13:42]} {[%emt 00:01:54]} 18. Bb5
{[%clk 01:22:00]} {[%emt 00:00:13]} Qc7 {[%clk 01:13:29]} {[%emt 00:00:42]} 19.
Bxe8 {[%clk 01:22:15]} {[%emt 00:00:15]} Rxe8 {[%clk 01:13:53]} {[%emt
00:00:06]} 20. c4 {[%clk 01:21:52]} {[%emt 00:00:53]} f5 {[%clk 01:12:42]}
{[%emt 00:01:42]} 21. Nh2 {[%clk 01:21:04]} {[%emt 00:01:17]} e4 {[%clk
01:11:10]} {[%emt 00:02:02]} 22. b4 {[%clk 01:17:47]} {[%emt 00:03:47]} Nd7
{[%clk 01:10:22]} {[%emt 00:01:17]} 23. Rc1 {[%clk 01:16:02]} {[%emt 00:02:14]}
Qc8 {[%clk 01:06:22]} {[%emt 00:04:31]} 24. f3 {[%clk 01:14:53]} {[%emt
00:01:38]} Kf8 {[%clk 01:03:20]} {[%emt 00:03:34]} 25. fxe4 {[%clk 01:14:55]}
{[%emt 00:00:28]} Rxe4 {[%clk 01:03:37]} {[%emt 00:00:13]} 26. Qd3 {[%clk
01:14:33]} {[%emt 00:00:50]} Rxe1+ {[%clk 00:56:41]} {[%emt 00:07:28]} 27. Rxe1
{[%clk 01:14:41]} {[%emt 00:00:21]} Ne5 {[%clk 00:56:59]} {[%emt 00:00:12]} 28.
Qc2 {[%clk 01:12:09]} {[%emt 00:03:01]} Nxc4 {[%clk 00:55:42]} {[%emt
00:01:49]} 29. Rc1 {[%clk 01:11:56]} {[%emt 00:00:42]} b5 {[%clk 00:55:10]}
{[%emt 00:01:03]} 30. a4 {[%clk 01:11:55]} {[%emt 00:00:31]} a6 {[%clk
00:55:18]} {[%emt 00:00:22]} 31. axb5 {[%clk 01:12:06]} {[%emt 00:00:18]} axb5
{[%clk 00:55:40]} {[%emt 00:00:08]} 32. Nf3 {[%clk 01:12:22]} {[%emt 00:00:14]}
Qb7 {[%clk 00:54:17]} {[%emt 00:01:53]} 33. Qd3 {[%clk 01:09:15]} {[%emt
00:03:37]} Ne5 {[%clk 00:49:37]} {[%emt 00:05:10]} 34. Nxe5 {[%clk 01:08:18]}
{[%emt 00:01:23]} Bxe5 {[%clk 00:50:05]} {[%emt 00:00:06]} 35. Qc4 {[%clk
01:08:17]} {[%emt 00:00:30]} Qb6+ {[%clk 00:48:09]} {[%emt 00:02:27]} 36. Kh1
{[%clk 01:08:32]} {[%emt 00:00:14]} Kg7 {[%clk 00:44:19]} {[%emt 00:04:21]} 37.
Qc7+ {[%clk 01:08:26]} {[%emt 00:00:36]} Qxc7 {[%clk 00:44:42]} {[%emt
00:00:07]} 38. Rxc7+ {[%clk 01:08:45]} {[%emt 00:00:11]} Kh6 {[%clk 00:44:49]}
{[%emt 00:00:22]} 39. Rb7 {[%clk 01:09:04]} {[%emt 00:00:09]} Kg5 {[%clk
00:43:24]} {[%emt 00:01:57]} 40. Rxb5 {[%clk 01:08:48]} {[%emt 00:00:46]} h6
{[%clk 00:43:11]} {[%emt 00:00:43]} 41. Ra5 {[%clk 01:08:29]} {[%emt 00:00:50]}
Bc3 {[%clk 00:42:33]} {[%emt 00:01:08]} 42. Ra4 {[%clk 01:08:56]} {[%emt
00:00:03]} Bd4 {[%clk 00:42:42]} {[%emt 00:00:21]} 43. b5 {[%clk 01:09:18]}
{[%emt 00:00:08]} Bc5 {[%clk 00:42:37]} {[%emt 00:00:35]} 44. Rc4 {[%clk
01:09:37]} Kf6 {[%clk 00:42:55]} {[%emt 00:00:24]} 45. Ra4 {[%clk 00:00:00]}
{[%emt 00:03:29]} Kg5 {[%clk 00:39:52]} {[%emt 00:00:08]} 46. Rc4 {[%clk
01:07:59]} {[%emt 00:00:51]} Kf6 {[%clk 00:40:27]} {[%emt 00:00:07]} 47. Rxc5
{[%clk 01:08:25]} {[%emt 00:00:04]} dxc5 {[%clk 00:40:40]} {[%emt 00:00:17]}
48. b6 {[%clk 01:08:53]} {[%emt 00:00:02]} Ke5 {[%clk 00:40:04]} {[%emt
00:01:05]} 49. b7 {[%clk 01:09:21]} {[%emt 00:00:02]} Kxd5 {[%clk 00:39:41]}
{[%emt 00:00:53]} 50. b8=Q {[%emt 00:00:11]} c4 {[%emt 00:00:51]} 51. Qb2
{[%clk 01:08:26]} {[%emt 00:00:23]} Ke4 {[%clk 00:38:21]} {[%emt 00:01:51]} 52.
Qc3 {[%clk 01:08:38]} {[%emt 00:00:18]} Kf4 {[%clk 00:37:34]} {[%emt 00:01:17]}
53. Qxc4+ {[%clk 01:09:03]} {[%emt 00:00:04]} Kg5 {[%clk 00:37:57]} {[%emt
00:00:07]} 54. g3 {[%clk 01:09:24]} {[%emt 00:00:10]} h5 {[%clk 00:37:25]}
{[%emt 00:01:02]} 55. Qh4+ {[%clk 01:09:33]} {[%emt 00:00:19]} Kh6 {[%clk
00:37:45]} {[%emt 00:00:11]} 56. g4 {[%clk 01:09:54]} {[%emt 00:00:09]} f4
{[%clk 00:36:54]} {[%emt 00:01:22]} 57. gxh5 {[%clk 01:10:11]} {[%emt
00:00:10]} g5 {[%clk 00:37:09]} {[%emt 00:00:17]} 58. Qg4 {[%clk 01:10:24]}
{[%emt 00:00:18]} f3 {[%clk 00:35:57]} {[%emt 00:01:43]} 59. Qxf3 {[%clk
01:10:38]} {[%emt 00:00:15]} Kg7 {[%clk 00:36:19]} {[%emt 00:00:08]} 60. Qf5
{[%clk 01:10:47]} {[%emt 00:00:21]} Kh6 {[%clk 00:36:31]} {[%emt 00:00:19]} 61.
Qg6# {[%clk 01:10:35]} {[%emt 00:00:11]} 1-0

[Event "ODJM C 2024"]
[Site "Willingen GER"]
[Date "2024.05.20"]
[Round "3"]
[White "Jamalli, Ali"]
[Black "Bräutigam, Viktoria"]
[Result "1-0"]
[Termination "normal"]
[Board "33"]
[WhiteElo "1544"]
[BlackElo "863"]
[WhiteClock "00:59:53"]
[BlackClock "00:36:38"]
[PlyCount "77"]
[WhiteFideId "34691464"]
[BlackFideId "34638652"]
[EventCountry "GER"]
[EventRounds "9"]
[EventType "swiss"]
[EventDate "2024.05.18"]

1. e4 {[%clk 01:30:56]} {[%emt 00:00:04]} e5 {[%clk 01:30:55]} {[%emt
00:00:05]} 2. f4 {[%clk 01:30:47]} {[%emt 00:00:39]} Nc6 {[%clk 01:31:01]}
{[%emt 00:00:23]} 3. Nf3 {[%clk 01:31:10]} {[%emt 00:00:08]} d6 {[%clk
01:30:35]} {[%emt 00:00:56]} 4. Nc3 {[%clk 01:31:19]} {[%emt 00:00:21]} Nf6
{[%clk 01:29:46]} {[%emt 00:01:18]} 5. Bc4 {[%clk 01:31:23]} {[%emt 00:00:26]}
Be7 {[%clk 01:29:22]} {[%emt 00:00:54]} 6. O-O {[%clk 01:31:35]} {[%emt
00:00:19]} O-O {[%clk 01:28:51]} {[%emt 00:01:00]} 7. f5 {[%clk 01:30:46]}
{[%emt 00:01:20]} a6 {[%clk 01:26:15]} {[%emt 00:03:06]} 8. d3 {[%clk
01:30:49]} {[%emt 00:00:27]} h6 {[%clk 01:26:35]} {[%emt 00:00:09]} 9. Be3
{[%clk 01:30:58]} {[%emt 00:00:23]} b5 {[%clk 01:26:05]} {[%emt 00:01:00]} 10.
Bb3 {[%clk 01:30:49]} {[%emt 00:00:39]} b4 {[%clk 01:24:31]} {[%emt 00:02:03]}
11. Ne2 {[%clk 01:29:36]} {[%emt 00:01:43]} Ng4 {[%clk 01:22:00]} {[%emt
00:03:01]} 12. Qd2 {[%clk 01:27:47]} {[%emt 00:02:20]} Na5 {[%clk 01:14:22]}
{[%emt 00:08:07]} 13. h3 {[%clk 01:27:35]} {[%emt 00:00:41]} Nxb3 {[%clk
01:14:09]} {[%emt 00:00:41]} 14. cxb3 {[%clk 01:26:30]} {[%emt 00:01:37]} Nxe3
{[%clk 01:14:06]} {[%emt 00:00:31]} 15. Qxe3 {[%clk 01:26:55]} {[%emt
00:00:06]} f6 {[%clk 01:11:23]} {[%emt 00:03:11]} 16. Nh4 {[%clk 01:25:23]}
{[%emt 00:02:04]} d5 {[%clk 01:08:27]} {[%emt 00:03:25]} 17. Rf3 {[%clk
01:21:28]} {[%emt 00:04:26]} d4 {[%clk 01:01:46]} {[%emt 00:07:10]} 18. Qd2
{[%clk 01:21:05]} {[%emt 00:00:54]} Bc5 {[%clk 01:01:19]} {[%emt 00:00:56]} 19.
Rg3 {[%clk 01:19:04]} {[%emt 00:02:32]} Bb7 {[%clk 00:58:36]} {[%emt 00:03:13]}
20. Qxh6 {[%clk 01:17:50]} {[%emt 00:01:44]} Rf7 {[%emt 00:02:57]} 21. Qh5
{[%clk 01:16:05]} {[%emt 00:00:08]} Qd7 {[%clk 00:58:16]} {[%emt 00:00:29]} 22.
Ng6 {[%clk 01:16:17]} {[%emt 00:00:19]} Rff8 {[%clk 00:57:19]} {[%emt
00:01:26]} 23. Nxf8 {[%clk 01:12:48]} {[%emt 00:04:00]} Rxf8 {[%clk 00:57:11]}
{[%emt 00:00:36]} 24. Rg4 {[%clk 01:10:45]} {[%emt 00:02:35]} a5 {[%clk
00:54:31]} {[%emt 00:03:09]} 25. Rf1 {[%clk 01:10:29]} {[%emt 00:00:46]} Ba6
{[%clk 00:52:32]} {[%emt 00:02:30]} 26. Rf3 {[%clk 01:10:37]} {[%emt 00:00:22]}
Bb5 {[%clk 00:46:13]} {[%emt 00:06:48]} 27. Rfg3 {[%clk 01:07:22]} {[%emt
00:03:46]} Rf7 {[%clk 00:44:49]} {[%emt 00:01:54]} 28. Rh4 {[%clk 01:07:32]}
{[%emt 00:00:19]} Kf8 {[%clk 00:43:26]} {[%emt 00:01:53]} 29. Qg6 {[%clk
01:07:07]} {[%emt 00:00:56]} Bb6 {[%clk 00:39:59]} {[%emt 00:03:55]} 30. Rh8+
{[%clk 01:06:52]} {[%emt 00:00:46]} Ke7 {[%clk 00:39:51]} {[%emt 00:00:37]} 31.
Qh7 {[%clk 01:05:41]} {[%emt 00:01:40]} Kd6 {[%clk 00:38:48]} {[%emt 00:01:35]}
32. Qg6 {[%clk 01:01:48]} {[%emt 00:04:22]} Re7 {[%clk 00:37:23]} {[%emt
00:01:55]} 33. Nc1 {[%clk 00:58:56]} {[%emt 00:03:22]} Qc6 {[%clk 00:37:06]}
{[%emt 00:00:48]} 34. Rd8+ {[%clk 00:59:10]} {[%emt 00:00:15]} Rd7 {[%clk
00:37:13]} {[%emt 00:00:24]} 35. Rxd7+ {[%clk 00:59:31]} {[%emt 00:00:10]} Kxd7
{[%clk 00:37:07]} {[%emt 00:00:34]} 36. Qxg7+ {[%clk 00:59:21]} {[%emt
00:00:42]} Kd6 {[%emt 00:00:22]} 37. Qxf6+ {[%clk 00:59:41]} {[%emt 00:00:09]}
Kc5 {[%clk 00:37:07]} {[%emt 00:00:39]} 38. Qxe5+ {[%clk 00:59:59]} {[%emt
00:00:12]} Qd5 {[%clk 00:36:38]} {[%emt 00:00:59]} 39. Qxd5# {[%clk 00:59:53]}
{[%emt 00:00:06]} 1-0

[Event "ODJM C 2024"]
[Site "Willingen GER"]
[Date "2024.05.20"]
[Round "3"]
[White "Arndt, Alex"]
[Black "Hempel, Christian"]
[Result "1-0"]
[Termination "normal"]
[Board "34"]
[WhiteElo "1173"]
[BlackElo "859"]
[WhiteClock "01:27:40"]
[BlackClock "01:17:44"]
[PlyCount "55"]
[WhiteFideId "533001847"]
[BlackFideId "34660470"]
[EventCountry "GER"]
[EventRounds "9"]
[EventType "swiss"]
[EventDate "2024.05.18"]

1. d4 {[%clk 01:30:59]} {[%emt 00:00:24]} Nf6 {[%clk 01:30:58]} 2. e3 {[%clk
01:31:20]} g6 {[%clk 01:31:20]} 3. Bd3 {[%clk 01:31:45]} Bg7 {[%clk 01:31:40]}
4. Nf3 {[%clk 01:32:07]} O-O {[%clk 01:32:01]} 5. O-O {[%clk 01:32:34]} d6
{[%clk 01:32:16]} 6. c4 {[%clk 01:32:54]} Nbd7 {[%clk 01:31:53]} 7. Nc3 {[%clk
01:32:46]} e5 {[%clk 01:31:10]} 8. dxe5 {[%clk 01:32:17]} dxe5 {[%clk
01:31:16]} 9. b3 {[%clk 01:30:56]} Re8 {[%clk 01:31:16]} 10. e4 {[%clk
01:30:45]} h5 {[%clk 01:29:40]} 11. Bg5 {[%clk 01:30:50]} Nf8 {[%clk 01:29:22]}
12. Bc2 {[%clk 01:30:05]} Bg4 {[%clk 01:24:21]} 13. Nd5 {[%clk 01:28:32]} N8h7
{[%clk 01:23:35]} 14. Bxf6 {[%clk 01:26:27]} Bxf6 {[%clk 01:23:33]} 15. Nxf6+
{[%clk 01:26:39]} Nxf6 {[%clk 01:23:31]} 16. Qxd8 {[%clk 01:26:03]} Raxd8
{[%clk 01:23:49]} 17. Rad1 {[%clk 01:24:57]} {[%emt 00:01:13]} Bxf3 {[%clk
01:23:47]} {[%emt 00:00:30]} 18. gxf3 {[%clk 01:25:09]} {[%emt 00:00:18]} Rd6
{[%clk 01:19:03]} {[%emt 00:05:14]} 19. Rxd6 {[%clk 01:25:07]} {[%emt
00:00:31]} cxd6 {[%clk 01:19:22]} {[%emt 00:00:12]} 20. Rd1 {[%clk 01:25:28]}
{[%emt 00:00:08]} Rd8 {[%clk 01:19:14]} {[%emt 00:00:38]} 21. c5 {[%clk
01:25:48]} {[%emt 00:00:10]} d5 {[%clk 01:19:29]} {[%emt 00:00:15]} 22. exd5
{[%clk 01:25:20]} {[%emt 00:00:58]} Rxd5 {[%clk 01:19:07]} {[%emt 00:00:52]}
23. Rxd5 {[%clk 01:25:41]} {[%emt 00:00:09]} Nxd5 {[%clk 01:19:24]} {[%emt
00:00:15]} 24. Be4 {[%clk 01:26:07]} {[%emt 00:00:04]} Nc3 {[%clk 01:19:29]}
{[%emt 00:00:23]} 25. Bxb7 {[%clk 01:26:29]} {[%emt 00:00:08]} Nxa2 {[%clk
01:19:37]} {[%emt 00:00:22]} 26. c6 {[%clk 01:26:54]} {[%emt 00:00:05]} Nc3
{[%clk 01:17:37]} {[%emt 00:02:30]} 27. c7 {[%clk 01:27:11]} {[%emt 00:00:14]}
Ne2+ {[%clk 01:17:44]} {[%emt 00:00:21]} 28. Kf1 {[%clk 01:27:40]} {[%emt
00:00:02]} 1-0

[Event "ODJM C 2024"]
[Site "Willingen GER"]
[Date "2024.05.20"]
[Round "3"]
[White "Claussen, Daniela"]
[Black "Rinke, Leonard"]
[Result "1-0"]
[Termination "normal"]
[Board "37"]
[WhiteElo "1436"]
[BlackElo "906"]
[WhiteClock "01:25:48"]
[BlackClock "01:26:16"]
[PlyCount "35"]
[WhiteFideId "16248929"]
[BlackFideId "34682155"]
[EventCountry "GER"]
[EventRounds "9"]
[EventType "swiss"]
[EventDate "2024.05.18"]

1. b3 {[%clk 01:30:59]} e5 {[%clk 01:30:55]} 2. e3 {[%clk 01:31:18]} Nf6 {[%clk
01:31:17]} 3. Bb2 {[%clk 01:31:36]} Nc6 {[%clk 01:31:38]} 4. Bb5 {[%clk
01:31:46]} Bd6 {[%clk 01:31:55]} 5. Bxc6 {[%clk 01:31:45]} dxc6 {[%clk
01:32:17]} 6. Nf3 {[%clk 01:30:31]} e4 {[%clk 01:32:29]} 7. Ne5 O-O {[%clk
01:32:22]} 8. O-O {[%clk 01:30:42]} Re8 {[%clk 01:32:40]} 9. f4 {[%clk
01:30:38]} Bf5 {[%clk 01:31:58]} 10. Qe2 {[%clk 01:27:47]} Bxe5 {[%clk
01:30:23]} 11. fxe5 {[%clk 01:27:29]} Nd7 {[%clk 01:30:13]} 12. Rxf5 {[%clk
01:27:39]} Qh4 {[%clk 01:30:08]} 13. Rh5 {[%clk 01:27:05]} Qxh5 {[%clk
01:29:57]} 14. Qxh5 {[%clk 01:27:11]} g6 {[%clk 01:30:05]} 15. Qh6 {[%clk
01:26:19]} Nxe5 {[%clk 01:30:10]} 16. Na3 {[%clk 01:26:00]} Rad8 {[%clk
01:29:14]} 17. Nc4 {[%clk 01:25:57]} Ng4 {[%clk 01:26:16]} 18. Qg7# {[%clk
01:25:48]} 1-0

[Event "ODJM C 2024"]
[Site "Willingen GER"]
[Date "2024.05.20"]
[Round "3"]
[White "Kanno, Gabriel"]
[Black "Buntin, Amelia Bernadette"]
[Result "1-0"]
[Termination "normal"]
[Board "38"]
[WhiteElo "884"]
[BlackElo "1096"]
[WhiteClock "01:27:04"]
[BlackClock "01:29:54"]
[PlyCount "45"]
[WhiteFideId "34623973"]
[BlackFideId "34649581"]
[EventCountry "GER"]
[EventRounds "9"]
[EventType "swiss"]
[EventDate "2024.05.18"]

1. e4 {[%clk 01:30:59]} {[%emt 00:00:09]} d6 {[%clk 01:30:55]} 2. d4 {[%clk
01:31:25]} Nf6 {[%clk 01:31:19]} 3. Nc3 {[%clk 01:31:49]} g6 {[%clk 01:31:38]}
4. Bf4 {[%clk 01:32:11]} Bg7 {[%clk 01:31:49]} 5. Qd2 {[%clk 01:32:31]} O-O
{[%clk 01:30:33]} {[%emt 00:01:46]} 6. O-O-O {[%clk 01:32:55]} {[%emt
00:00:06]} Nbd7 {[%clk 01:30:42]} {[%emt 00:00:21]} 7. h4 {[%clk 01:33:09]}
{[%emt 00:00:15]} c5 {[%clk 01:30:59]} {[%emt 00:00:13]} 8. dxc5 {[%clk
01:33:19]} {[%emt 00:00:21]} Nxc5 {[%clk 01:31:20]} {[%emt 00:00:09]} 9. Bh6
{[%clk 01:33:22]} {[%emt 00:00:27]} Ncxe4 {[%clk 01:31:36]} {[%emt 00:00:13]}
10. Qe3 {[%clk 01:33:41]} {[%emt 00:00:11]} Nxc3 {[%clk 01:31:48]} {[%emt
00:00:18]} 11. bxc3 {[%clk 01:33:22]} {[%emt 00:00:49]} Ng4 {[%clk 01:31:54]}
{[%emt 00:00:23]} 12. Qf4 {[%clk 01:33:06]} {[%emt 00:00:47]} Nxh6 {[%clk
01:31:44]} {[%emt 00:00:16]} 13. h5 {[%clk 01:33:13]} {[%emt 00:00:47]} Nf5
{[%clk 01:31:58]} {[%emt 00:00:15]} 14. hxg6 {[%clk 01:33:12]} {[%emt
00:00:33]} Qb6 {[%clk 01:31:13]} {[%emt 00:01:15]} 15. Rxh7 {[%clk 01:32:30]}
{[%emt 00:01:11]} Bxc3 {[%clk 01:31:10]} {[%emt 00:00:34]} 16. Rd3 {[%clk
01:32:03]} {[%emt 00:00:56]} Qb2+ {[%clk 01:30:44]} {[%emt 00:00:56]} 17. Kd1
{[%clk 01:32:25]} {[%emt 00:00:09]} fxg6 {[%clk 01:30:34]} {[%emt 00:00:40]}
18. Rdh3 {[%clk 01:27:24]} {[%emt 00:05:30]} Qb1+ {[%clk 01:30:10]} {[%emt
00:00:55]} 19. Ke2 {[%clk 01:27:15]} {[%emt 00:00:38]} Qe1+ {[%clk 01:29:57]}
{[%emt 00:00:43]} 20. Kd3 {[%clk 01:26:33]} {[%emt 00:01:13]} Qd1+ {[%clk
01:29:41]} {[%emt 00:00:46]} 21. Kxc3 {[%clk 01:26:46]} {[%emt 00:00:16]} Ng7
{[%clk 01:29:40]} {[%emt 00:00:30]} 22. Bc4+ {[%clk 01:26:53]} {[%emt
00:00:24]} Be6 {[%clk 01:29:54]} {[%emt 00:00:16]} 23. Rh8# {[%clk 01:27:04]}
{[%emt 00:00:20]} 1-0

[Event "ODJM C 2024"]
[Site "Willingen GER"]
[Date "2024.05.20"]
[Round "3"]
[White "Kraus, Jesper"]
[Black "Ly, Lina"]
[Result "1-0"]
[Termination "normal"]
[Board "39"]
[WhiteElo "999"]
[BlackElo "863"]
[WhiteClock "01:12:03"]
[BlackClock "01:13:27"]
[PlyCount "55"]
[WhiteFideId "533001936"]
[BlackFideId "34625070"]
[EventCountry "GER"]
[EventRounds "9"]
[EventType "swiss"]
[EventDate "2024.05.18"]

1. e4 {[%clk 01:30:40]} e5 {[%clk 01:30:53]} 2. Nf3 {[%clk 01:31:01]} Nc6
{[%clk 01:31:10]} 3. Bb5 {[%clk 01:31:16]} Nf6 {[%clk 01:31:19]} 4. O-O {[%clk
01:31:31]} Nxe4 {[%clk 01:31:38]} 5. Re1 {[%clk 01:31:42]} Nc5 {[%clk
01:31:23]} 6. Nxe5 {[%clk 01:31:48]} Nxe5 {[%clk 01:30:55]} 7. Rxe5+ {[%clk
01:32:06]} Be7 {[%clk 01:31:09]} 8. Re1 {[%clk 01:31:33]} O-O {[%clk 01:31:19]}
9. d4 {[%clk 01:31:47]} Na6 {[%clk 01:30:01]} 10. Nc3 {[%clk 01:31:34]} c6
{[%clk 01:30:19]} 11. Bxa6 {[%clk 01:31:48]} bxa6 {[%clk 01:30:30]} 12. Bf4
{[%clk 01:30:41]} d5 {[%clk 01:30:01]} 13. Qf3 {[%clk 01:23:46]} Bd6 {[%clk
01:28:52]} 14. Bxd6 {[%clk 01:23:17]} Qxd6 {[%clk 01:29:10]} 15. Rad1 {[%clk
01:23:17]} Bb7 {[%clk 01:25:50]} 16. a3 {[%clk 01:22:41]} Rab8 {[%clk
01:24:42]} 17. b4 {[%clk 01:22:14]} a5 {[%clk 01:24:41]} 18. Na2 {[%clk
01:20:37]} axb4 {[%clk 01:22:00]} 19. Nxb4 {[%clk 01:20:47]} c5 {[%clk
01:18:35]} 20. dxc5 {[%clk 01:20:34]} Qxc5 {[%clk 01:18:46]} 21. Nxd5 {[%clk
01:20:28]} Qxc2 {[%clk 01:18:30]} 22. Qg3 {[%clk 01:18:25]} Rbd8 {[%clk
01:18:03]} {[%emt 00:00:16]} 23. Ne3 {[%clk 01:15:15]} {[%emt 00:03:39]} Qb3
{[%clk 01:17:40]} {[%emt 00:00:51]} 24. Rb1 {[%clk 01:14:58]} {[%emt 00:00:48]}
Qc3 {[%clk 01:17:10]} {[%emt 00:00:59]} 25. Rec1 {[%clk 01:14:45]} {[%emt
00:00:44]} Qd2 {[%clk 01:16:47]} {[%emt 00:00:54]} 26. Rd1 {[%clk 01:14:14]}
{[%emt 00:01:01]} Qa2 {[%clk 01:14:59]} {[%emt 00:02:19]} 27. Nf5 {[%clk
01:12:02]} {[%emt 00:02:40]} Rfe8 {[%clk 01:13:27]} {[%emt 00:02:02]} 28. Qxg7#
{[%clk 01:12:03]} {[%emt 00:00:28]} 1-0

[Event "ODJM C 2024"]
[Site "Willingen GER"]
[Date "2024.05.20"]
[Round "3"]
[White "Zhang, Kai"]
[Black "Neumann, Viktoria"]
[Result "1-0"]
[Termination "normal"]
[Board "40"]
[WhiteElo "1504"]
[BlackElo "769"]
[WhiteClock "01:30:01"]
[BlackClock "00:52:19"]
[PlyCount "63"]
[WhiteFideId "34658815"]
[BlackFideId "34697292"]
[EventCountry "GER"]
[EventRounds "9"]
[EventType "swiss"]
[EventDate "2024.05.18"]

1. e4 {[%clk 01:30:30]} d6 {[%clk 01:30:47]} 2. d4 {[%clk 01:31:23]} Nf6 {[%clk
01:30:50]} 3. Nc3 {[%clk 01:31:47]} g6 {[%clk 01:30:50]} 4. Be3 {[%clk
01:32:05]} Bg7 {[%clk 01:30:56]} 5. Qd2 {[%clk 01:32:24]} Ng4 {[%clk 01:28:23]}
6. h3 {[%clk 01:32:14]} Nxe3 {[%clk 01:28:35]} 7. Qxe3 {[%clk 01:32:33]} O-O
{[%clk 01:27:57]} 8. O-O-O {[%clk 01:32:52]} Nd7 {[%clk 01:27:54]} 9. h4 {[%clk
01:33:06]} Nf6 {[%clk 01:25:56]} 10. Be2 {[%clk 01:32:49]} h5 {[%clk 01:25:24]}
11. Nf3 {[%clk 01:32:30]} c6 {[%clk 01:25:31]} 12. Ng5 {[%clk 01:31:57]} a6
{[%clk 01:22:25]} 13. e5 {[%clk 01:31:55]} b5 14. exf6 {[%clk 01:31:44]} Bxf6
{[%clk 01:18:33]} 15. d5 {[%clk 01:30:08]} c5 {[%clk 01:17:16]} 16. Nce4 {[%clk
01:30:15]} Bg7 {[%clk 01:15:55]} 17. Rhg1 {[%clk 01:29:50]} b4 {[%clk
01:14:55]} 18. g4 {[%clk 01:30:01]} hxg4 {[%clk 01:14:05]} 19. Bxg4 {[%clk
01:30:18]} Bxg4 {[%clk 01:12:49]} 20. Rxg4 {[%clk 01:30:31]} Qa5 {[%clk
01:12:19]} 21. Qb3 {[%clk 01:30:32]} Rac8 {[%clk 01:11:35]} 22. Nd2 {[%clk
01:30:43]} Rb8 {[%clk 01:05:52]} 23. h5 {[%clk 01:30:51]} Qb5 {[%clk 01:03:53]}
{[%emt 00:02:02]} 24. Rh1 {[%clk 01:30:55]} {[%emt 00:00:26]} gxh5 {[%clk
01:01:35]} {[%emt 00:02:48]} 25. Rxh5 {[%clk 01:30:55]} {[%emt 00:00:31]} Qe2
{[%clk 01:01:05]} {[%emt 00:00:59]} 26. Ndf3 {[%clk 01:30:29]} {[%emt
00:00:57]} Qxf2 {[%clk 00:59:57]} {[%emt 00:01:37]} 27. Nh7 {[%clk 01:30:26]}
{[%emt 00:00:33]} Rfe8 {[%clk 00:58:38]} {[%emt 00:01:49]} 28. Rhg5 {[%clk
01:30:34]} {[%emt 00:00:23]} Kxh7 {[%clk 00:57:06]} {[%emt 00:02:00]} 29. Rxg7+
{[%clk 01:30:52]} {[%emt 00:00:13]} Kh8 {[%clk 00:56:33]} {[%emt 00:01:03]} 30.
Qd3 {[%clk 01:29:42]} {[%emt 00:01:39]} Qh4 {[%clk 00:53:20]} {[%emt 00:03:44]}
31. Nxh4 {[%clk 01:30:01]} {[%emt 00:00:11]} f5 {[%clk 00:52:19]} {[%emt
00:01:31]} 32. Qxf5 {[%emt 00:01:23]} 1-0